00430nam a22001577a 450000500170000000800410001702000180005802200130007604100130008908200120010210000130011424500400012726000470016730000320021465000260024620240702125213.0240702b |||||||| |||| 00| 0 eng d a9780702195068 a03764605 aEnglish  a349 ANN lEnglish  aAnnual Survey of South African Law  aCape Town : bJuta and Company Ltd, c2010 blxvi, 1430 pages; c23 cm.  aLegal practice bLaw